=LDR 00000nam 2200000 4500 =001 INLIS000000000028834 =005 20130612131117 =008 ***********************************Eng** =035 ##$$0010-061300000028834 =041 ##$$a Eng =082 ##$$a 428 =090 ##$$a 428, Cur i =100 ##$$a Curry, Dean =245 ##$$a Idoms 1, Dean Curry =250 ##$$a Practical American English Series =260 ##$$a 1995 $b Jakarta =300 ##$$a 205 hlm, ilus., 26 cm =650 ##$$a Idioms =850 ##$$a NBPNMAT